000 00942nas a2200325 4500
001 BR2014003605
003 BR-BrBNA
005 20231205124149.0
007 ta
008 230509b bl.|||p| |||| 00| 00por d
040 _aBR-BrBNA
_bpor
_cBiblioteca Nacional de Agricultura
041 _a(En)
072 _aF30; F62
100 1 _aCésar, F.R.C.F.
100 1 _aMatsumoto, S.N.
100 1 _aViana, A.E.S.
100 1 _aBonfim, J,A.
245 1 _aMorphological plasticity of three coffee cultivars under light gradient
650 _aCAFÉ
650 _aVARIEDADE
650 _aSOMBREAMENTO
650 _aINSOLAÇÃO
650 _aLUZ
650 _aETAPA DE DESENVOLVIMENTO DA PLANTA
650 _aMORFOLOGIA VEGETAL
650 _aCRESCIMENTO
773 0 _tCoffee Science (Brazil)
_xISSN 1809-6875
_g(Apr-Jun 2013), v. 8(2) p. 121-131
_wBR2014003605
909 _a202311
_bLúcia
_c55
_dLúcia Elande
942 _2AGRIS
_n0
_cANA
999 _c237623
_d237623